[Event "España ch Universitario 2007"]
[Site "Cartagena ESP"]
[Date "2007.05.09"]
[Round "8.2"]
[White "Gonzalez Menendez, Ivan"]
[Black "Trent, Lawrence"]
[Result "0-1"]
[WhiteElo "2401"]
[BlackElo "2453"]
[PlyCount "170"]
[EventDate "2007.05.06"]
[EventType "swiss"]
[EventRounds "9"]
[EventCountry "ESP"]
[Source "lmi"]
[SourceDate "2007.05.06"]

1. e4 e5 2. Nf3 Nc6 3. Nc3 Nf6 4. d4 exd4 5. Nxd4 Bc5 6. Nxc6 bxc6 7. Bd3 d6 8.
Bg5 h6 9. Bh4 a5 10. Na4 Ba7 11. h3 Be6 12. Qf3 g5 13. Bg3 Nd7 14. e5 d5 15.
Bf5 Qe7 16. Bxe6 fxe6 17. Qh5+ Qf7 18. Qxf7+ Kxf7 19. O-O-O Raf8 20. Nc3 Kg6
21. Rd2 Rf5 22. Re1 Rhf8 23. f3 h5 24. Nd1 h4 25. Bh2 R5f7 26. Rde2 Rb8 27. Ne3
Bxe3+ 28. Rxe3 c5 29. Ra3 Rb5 30. c4 dxc4 31. Rc3 Nb6 32. Rd1 Na4 33. Rc2 c3
34. b3 Nb6 35. Rxc3 Nd5 36. Rcd3 c6 37. Re1 a4 38. Re4 axb3 39. axb3 Ra7 40.
Ra4 Rxb3 41. Rxa7 Rxd3 42. Ra4 Rd4 43. Ra5 Rc4+ 44. Kd2 Nb4 45. Bg1 Rc2+ 46.
Kd1 Rxg2 47. Bxc5 Nd3 48. Bd4 c5 49. Bxc5 Nxc5 50. Rxc5 Rf2 51. Rc3 Kf5 52. Ke1
Rh2 53. Kf1 Kf4 54. Kg1 Rxh3 55. Kg2 Rg3+ 56. Kf2 Kxe5 57. Rc8 g4 58. fxg4 Rxg4
59. Rh8 Rf4+ 60. Ke2 Ke4 61. Rh7 e5 62. Rh8 Rg4 63. Rh7 Rf4 64. Rh5 Rg4 65. Rh8
Rg2+ 66. Kf1 Rh2 67. Kg1 Rh3 68. Kg2 Rg3+ 69. Kf2 Rf3+ 70. Ke2 Re3+ 71. Kf2 h3
72. Rh4+ Kd3 73. Ra4 Re2+ 74. Kg1 Rg2+ 75. Kh1 Rc2 76. Rh4 e4 77. Rxh3+ e3 78.
Kg1 Kd2 79. Rh8 Rc3 80. Rd8+ Rd3 81. Re8 Rd5 82. Kf1 Rf5+ 83. Kg2 Ke2 84. Ra8
Rg5+ 85. Kh2 Ke1 0-1

[Event "España ch Universitario 2007"]
[Site "Cartagena ESP"]
[Date "2007.05.09"]
[Round "8.3"]
[White "Almagro Llamas, Pablo"]
[Black "Perez Candelario, Manuel"]
[Result "1/2-1/2"]
[WhiteElo "2394"]
[BlackElo "2511"]
[PlyCount "93"]
[EventDate "2007.05.06"]
[EventType "swiss"]
[EventRounds "9"]
[EventCountry "ESP"]
[Source "lmi"]
[SourceDate "2007.05.06"]

1. e4 e5 2. Nf3 Nc6 3. Bb5 a6 4. Ba4 Nf6 5. O-O Be7 6. Re1 b5 7. Bb3 d6 8. c3
O-O 9. h3 Nb8 10. d4 Nbd7 11. Nbd2 Bb7 12. Bc2 Re8 13. Nf1 Bf8 14. Ng3 g6 15.
a4 c6 16. Bg5 Qc7 17. Qd2 Bg7 18. Bh6 Bh8 19. Qg5 Nf8 20. Qh4 N6d7 21. Rad1 c5
22. dxc5 dxc5 23. Nf5 gxf5 24. Qg3+ Ng6 25. exf5 Ndf8 26. fxg6 hxg6 27. h4 Rac8
28. h5 e4 29. Bf4 Qb6 30. Ng5 bxa4 31. Rd6 Qxb2 32. hxg6 fxg6 33. Nxe4 Bxe4 34.
Bxe4 Rxe4 35. Rxg6+ Kf7 36. Be3 Nxg6 37. Qf3+ Bf6 38. Qxe4 Qxc3 39. Qd5+ Kg7
40. Qd7+ Ne7 41. Bd2 Qd4 42. Rxe7+ Bxe7 43. Qxe7+ Kg8 44. Qe6+ Kg7 45. Qe7+ Kg8
46. Qe6+ Kg7 47. Qe7+ 1/2-1/2

[Event "España ch Universitario 2007"]
[Site "Cartagena ESP"]
[Date "2007.05.09"]
[Round "8.4"]
[White "Peña Gomez, Manuel"]
[Black "Llaneza Vega, Marcos"]
[Result "0-1"]
[WhiteElo "2331"]
[BlackElo "2455"]
[PlyCount "136"]
[EventDate "2007.05.06"]
[EventType "swiss"]
[EventRounds "9"]
[EventCountry "ESP"]
[Source "lmi"]
[SourceDate "2007.05.06"]

1. c4 Nf6 2. Nc3 e5 3. g3 Nc6 4. Bg2 g6 5. d3 Bg7 6. e3 O-O 7. Nge2 d6 8. O-O
Be6 9. Nd5 Nd7 10. Rb1 a5 11. a3 f5 12. b4 axb4 13. axb4 Kh8 14. b5 Bxd5 15.
Bxd5 Na5 16. Bd2 Nf6 17. Bg2 e4 18. Nd4 Qd7 19. Ra1 b6 20. dxe4 Nxe4 21. Bxa5
Rxa5 22. Rxa5 bxa5 23. Nc6 Ra8 24. Bxe4 fxe4 25. Qd5 Qf5 26. Qxf5 gxf5 27. Nd4
a4 28. Ne6 Bb2 29. Nxc7 Ra7 30. b6 Rb7 31. Nb5 a3 32. Nxa3 Bxa3 33. f3 Bc5 34.
fxe4 fxe4 35. Rf8+ Kg7 36. Re8 Bxe3+ 37. Kg2 Bxb6 38. Rxe4 Rf7 39. g4 Rf2+ 40.
Kg3 Rd2 41. h3 Rd4 42. Re7+ Kg8 43. Rd7 Bc5 44. g5 Rxc4 45. h4 Rd4 46. h5 Re4
47. Kf3 Re8 48. Kg4 Rf8 49. Kh4 Rf4+ 50. Kg3 Rf7 51. Rd8+ Rf8 52. Rd7 Rf7 53.
Rd8+ Kg7 54. h6+ Kg6 55. Kg4 Re7 56. Rg8+ Kf7 57. Rh8 Ke6 58. g6 hxg6 59. Kg5
Bd4 60. Rg8 Kd5 61. Rxg6 Re6 62. Rg8 Be3+ 63. Kg4 Bxh6 64. Kf3 Bd2 65. Rg2 Bc3
66. Rg8 Kc4 67. Rc8+ Kd3 68. Rd8 Rf6+ 0-1

[Event "España ch Universitario 2007"]
[Site "Cartagena ESP"]
[Date "2007.05.09"]
[Round "8.5"]
[White "Piay Augusto, Diego"]
[Black "Alsina Leal, Daniel"]
[Result "0-1"]
[WhiteElo "2251"]
[BlackElo "2428"]
[PlyCount "86"]
[EventDate "2007.05.06"]
[EventType "swiss"]
[EventRounds "9"]
[EventCountry "ESP"]
[Source "lmi"]
[SourceDate "2007.05.06"]

1. e4 c5 2. c3 Nf6 3. e5 Nd5 4. d4 cxd4 5. cxd4 d6 6. Nf3 e6 7. Nc3 Nc6 8. Bd2
Be7 9. Qb3 Nxc3 10. Bxc3 O-O 11. Rd1 dxe5 12. dxe5 Qc7 13. Bd3 b6 14. O-O Bb7
15. Qa4 Rfd8 16. Bb1 a6 17. Qg4 b5 18. b3 Rxd1 19. Rxd1 Rd8 20. Re1 b4 21. Bb2
Na7 22. Ng5 Bxg5 23. Qxg5 a5 24. h4 Nb5 25. h5 h6 26. Qg4 Nc3 27. Bc1 Kf8 28.
Bh7 Rd5 29. Bf4 Rd4 30. Qg3 Rd1 31. Rxd1 Ne2+ 32. Kh2 Nxg3 33. Bxg3 Bd5 34. Rd2
Qc1 35. Bf4 Qf1 36. f3 Qe1 37. Kh3 Ke7 38. Rc2 Kd7 39. Rc1 Qf2 40. Rc2 Qd4 41.
Bg3 Qe3 42. Bg8 Qg5 43. Bxf7 Qf5+ 0-1

[Event "España ch Universitario 2007"]
[Site "Cartagena ESP"]
[Date "2007.05.09"]
[Round "8.6"]
[White "Martinez Martin, David"]
[Black "Alcazar Jimenez, Jesus Alberto"]
[Result "1/2-1/2"]
[WhiteElo "2403"]
[BlackElo "2274"]
[PlyCount "40"]
[EventDate "2007.05.06"]
[EventType "swiss"]
[EventRounds "9"]
[EventCountry "ESP"]
[Source "lmi"]
[SourceDate "2007.05.06"]

1. d4 c5 2. d5 Nf6 3. Nc3 g6 4. e4 d6 5. Bb5+ Bd7 6. a4 Na6 7. f4 Bxb5 8. axb5
Nc7 9. Nf3 Bg7 10. O-O O-O 11. f5 Qd7 12. Qe1 Nxb5 13. Nxb5 Qxb5 14. Qh4 Qe2
15. Re1 Qxc2 16. Bg5 a5 17. e5 dxe5 18. d6 exd6 19. Bxf6 Bxf6 20. Qxf6 Qxf5
1/2-1/2

[Event "España ch Universitario 2007"]
[Site "Cartagena ESP"]
[Date "2007.05.09"]
[Round "8.7"]
[White "Andres Gonzalez, Ivan"]
[Black "Martinez Lozano, Miguel Angel"]
[Result "1-0"]
[WhiteElo "2372"]
[BlackElo "2194"]
[PlyCount "67"]
[EventDate "2007.05.06"]
[EventType "swiss"]
[EventRounds "9"]
[EventCountry "ESP"]
[Source "lmi"]
[SourceDate "2007.05.06"]

1. e4 c5 2. Nc3 a6 3. a4 d6 4. Nf3 Nf6 5. d4 cxd4 6. Nxd4 e5 7. Nb3 Be6 8. Be2
Be7 9. O-O O-O 10. f4 Qc7 11. Nd5 Bxd5 12. exd5 Nbd7 13. c4 Rfe8 14. Kh1 Rac8
15. a5 Bf8 16. f5 e4 17. Be3 Ne5 18. Rc1 Nfd7 19. Rf4 Nf6 20. Qd2 Qd7 21. Nd4
Re7 22. b3 Rce8 23. Rcf1 Nd3 24. Rh4 Re5 25. Rh3 Nc5 26. Rg3 Kh8 27. Rh3 Nd3
28. g4 Ng8 29. Ne6 fxe6 30. fxe6 Qe7 31. Rf7 Qd8 32. Bxd3 exd3 33. Qxd3 Nh6 34.
Rxh6 1-0

[Event "España ch Universitario 2007"]
[Site "Cartagena ESP"]
[Date "2007.05.09"]
[Round "8.8"]
[White "Fernandez Barrera, Victor"]
[Black "Garcia Castro, Pablo"]
[Result "1/2-1/2"]
[WhiteElo "2202"]
[BlackElo "2379"]
[PlyCount "82"]
[EventDate "2007.05.06"]
[EventType "swiss"]
[EventRounds "9"]
[EventCountry "ESP"]
[Source "lmi"]
[SourceDate "2007.05.06"]

1. e4 e5 2. Nf3 d6 3. Bc4 Be7 4. d4 exd4 5. Nxd4 Nf6 6. Nc3 O-O 7. O-O Nc6 8.
Re1 a6 9. a4 Nb4 10. Bg5 c6 11. Qe2 Ng4 12. Bf4 Ne5 13. Bb3 a5 14. Rad1 Qc7 15.
Nf5 Be6 16. Bxe5 dxe5 17. Qg4 Bf6 18. Bxe6 fxe6 19. Ne3 Qe7 20. Re2 Rad8 21.
Red2 Rxd2 22. Rxd2 Bg5 23. Qe2 Qc5 24. Ncd1 h6 25. c3 Na6 26. Rd7 Rf7 27. Rxf7
Kxf7 28. h4 Bxe3 29. Nxe3 b5 30. Qh5+ Kf8 31. axb5 Qxb5 32. Ng4 Qxb2 33. Qxe5
a4 34. Qxe6 Nc7 35. Qd6+ Kg8 36. Qxc7 a3 37. Qc8+ Kh7 38. Qf5+ Kg8 39. Ne5 a2
40. Qf7+ Kh7 41. Qg6+ Kg8 1/2-1/2

[Event "España ch Universitario 2007"]
[Site "Cartagena ESP"]
[Date "2007.05.09"]
[Round "8.9"]
[White "Jimenez Martinez, Jose Vicente"]
[Black "Pallardo Lozoya, Jose Vicente"]
[Result "1-0"]
[WhiteElo "2202"]
[BlackElo "2304"]
[PlyCount "75"]
[EventDate "2007.05.06"]
[EventType "swiss"]
[EventRounds "9"]
[EventCountry "ESP"]
[Source "lmi"]
[SourceDate "2007.05.06"]

1. d4 c5 2. d5 Nf6 3. c4 e5 4. Nc3 d6 5. g3 Be7 6. Bg2 O-O 7. e4 a6 8. Nge2 Ne8
9. O-O f5 10. f4 Bf6 11. Qc2 g6 12. Kh1 b6 13. a3 Ra7 14. b4 Ng7 15. Rb1 Qc7
16. Qd3 Nd7 17. Bb2 Bb7 18. Bh3 exf4 19. gxf4 fxe4 20. Nxe4 Bxb2 21. Rxb2 Nf6
22. N2g3 cxb4 23. Rxb4 a5 24. Rbb1 Ba6 25. Nxf6+ Rxf6 26. Qd4 Rf8 27. Rbc1 Bc8
28. Bxc8 Rxc8 29. f5 Qc5 30. Qh4 gxf5 31. Nxf5 Nxf5 32. Rxf5 Rg7 33. Rg5 Rcc7
34. Rcg1 h6 35. Qxh6 Qd4 36. Qe6+ Kf8 37. Rxg7 Rxg7 38. Rf1+ 1-0

[Event "España ch Universitario 2007"]
[Site "Cartagena ESP"]
[Date "2007.05.09"]
[Round "8.10"]
[White "Lopez Del Alamo, Antonio"]
[Black "Rosa Cintas, Raul"]
[Result "1/2-1/2"]
[WhiteElo "2289"]
[BlackElo "2192"]
[PlyCount "33"]
[EventDate "2007.05.06"]
[EventType "swiss"]
[EventRounds "9"]
[EventCountry "ESP"]
[Source "lmi"]
[SourceDate "2007.05.06"]

1. e4 e5 2. Bc4 Nf6 3. d3 d5 4. exd5 Nxd5 5. Nc3 Bb4 6. Nge2 Bg4 7. f3 Be6 8.
O-O Nxc3 9. bxc3 Bc5+ 10. Kh1 Bxc4 11. dxc4 O-O 12. Qd5 Qxd5 13. cxd5 Nd7 14.
Rb1 Rab8 15. Ng3 f5 16. Rd1 a6 17. Nf1 1/2-1/2

[Event "España ch Universitario 2007"]
[Site "Cartagena ESP"]
[Date "2007.05.09"]
[Round "8.11"]
[White "Torrado Quintela, Julio"]
[Black "Claros Egea, Christian"]
[Result "1-0"]
[WhiteElo "2184"]
[BlackElo "2273"]
[PlyCount "91"]
[EventDate "2007.05.06"]
[EventType "swiss"]
[EventRounds "9"]
[EventCountry "ESP"]
[Source "lmi"]
[SourceDate "2007.05.06"]

1. e4 c5 2. Nc3 Nc6 3. Nf3 g6 4. d4 cxd4 5. Nxd4 Bg7 6. Be3 Nf6 7. Nb3 O-O 8.
Be2 d6 9. O-O a6 10. a4 Be6 11. a5 Bxb3 12. Bb6 Bxc2 13. Qxc2 Qd7 14. Rfd1 Rac8
15. Qb3 g5 16. Be3 h6 17. f3 Ne5 18. Na4 Rc6 19. Nb6 Qc7 20. Rac1 Ned7 21. Rxc6
bxc6 22. Bxa6 c5 23. Bc4 Rb8 24. Bxf7+ Kh8 25. Qe6 Nxb6 26. axb6 Qxb6 27. b3
Ng8 28. h4 gxh4 29. Qg4 Rf8 30. Bc4 Qb8 31. Qxh4 Qe8 32. Bxg8 Kxg8 33. Bxh6 Qg6
34. Bxg7 Qxg7 35. Rd5 Kf7 36. Qh5+ Ke6 37. Qh3+ Kf7 38. Qf5+ Kg8 39. Qh5 Qa1+
40. Kh2 Rf7 41. Qg4+ Rg7 42. Qe6+ Kh8 43. Qc8+ Rg8 44. Rh5+ Kg7 45. Qg4+ Kf7
46. Rf5+ 1-0

[Event "España ch Universitario 2007"]
[Site "Cartagena ESP"]
[Date "2007.05.09"]
[Round "8.12"]
[White "Prol Nogueira, Iago"]
[Black "Pons Carreras, David"]
[Result "0-1"]
[WhiteElo "2183"]
[BlackElo "2240"]
[PlyCount "68"]
[EventDate "2007.05.06"]
[EventType "swiss"]
[EventRounds "9"]
[EventCountry "ESP"]
[Source "lmi"]
[SourceDate "2007.05.06"]

1. e4 e6 2. d3 c5 3. Nf3 Nc6 4. g3 g6 5. h4 Nf6 6. Bh3 Bg7 7. e5 Nd5 8. c4 Nde7
9. Qe2 Nf5 10. Bxf5 gxf5 11. Nc3 h6 12. Bf4 b6 13. g4 fxg4 14. Ng5 h5 15. Nce4
Nd4 16. Nd6+ Kf8 17. Qe4 Rb8 18. Ngxf7 Qe7 19. O-O-O Bb7 20. Bg5 Qxf7 21. Nxb7
Qf3 22. Nd6 Qxe4 23. Nxe4 Bxe5 24. Nf6 Bxf6 25. Bxf6 Rh7 26. Bxd4 cxd4 27. Rhe1
Ke7 28. Re4 Rf8 29. Rd2 Rhf7 30. Ree2 Rf3 31. Re5 R8f5 32. Rde2 Rxf2 33. Rxf2
Rxf2 34. Rxh5 g3 0-1

[Event "España ch Universitario 2007"]
[Site "Cartagena ESP"]
[Date "2007.05.09"]
[Round "8.13"]
[White "Ehsan, Ali"]
[Black "Lara Lopez, Jose"]
[Result "0-1"]
[WhiteElo "2223"]
[BlackElo "2173"]
[PlyCount "182"]
[EventDate "2007.05.06"]
[EventType "swiss"]
[EventRounds "9"]
[EventCountry "ESP"]
[Source "lmi"]
[SourceDate "2007.05.06"]

1. e4 e6 2. d4 d5 3. exd5 exd5 4. Bd3 Nc6 5. c3 Bd6 6. Qf3 Nf6 7. h3 O-O 8. Bg5
Be7 9. Nd2 Re8 10. O-O-O Rb8 11. Ne2 Ne4 12. Bxe7 Qxe7 13. Nf4 Nf6 14. g4 h6
15. Nxd5 Nxd5 16. Qxd5 Qf6 17. Qf3 Qxf3 18. Nxf3 Be6 19. Nd2 b5 20. Be4 Ne7 21.
b3 Nd5 22. Bxd5 Bxd5 23. Rhe1 Bc6 24. Kc2 a5 25. Re3 Red8 26. Ne4 Kh7 27. Nc5
Kg6 28. Re7 Bd5 29. Rd7 c6 30. Rxd8 Rxd8 31. Re1 a4 32. Nd3 Kg5 33. Re5+ Kf6
34. f4 g6 35. Nb4 Bg2 36. Re3 axb3+ 37. axb3 h5 38. Nd3 h4 39. g5+ Kg7 40. Ne1
Bd5 41. Nf3 b4 42. Kb2 bxc3+ 43. Kxc3 Rb8 44. Nd2 Ra8 45. Kb2 Be6 46. Ne4 Rd8
47. Kc3 Ra8 48. Kb2 Rd8 49. Nc5 Bd5 50. Na4 Rb8 51. Kc2 Rb4 52. Nc3 Bxb3+ 53.
Kd3 Bc4+ 54. Kc2 Be6 55. Ne2 Ra4 56. Kd2 Ra2+ 57. Ke1 Ra1+ 58. Kf2 Rh1 59. Ng1
Rh2+ 60. Ke1 Kf8 61. Re2 Rh1 62. Kf2 Bxh3 63. Nf3 Be6 64. Kg2 Bd5 65. Kf2 h3
66. Kg3 Rd1 67. Nh2 Rd3+ 68. Kh4 Rxd4 69. Kg3 Rd3+ 70. Kh4 Be6 71. Ng4 Rf3 72.
Nf6 Rxf4+ 73. Kg3 Rf5 74. Kh4 Ke7 75. Rd2 Rxf6 76. gxf6+ Kxf6 77. Rc2 Bd7 78.
Rd2 Ke7 79. Kg5 Bf5 80. Kf4 f6 81. Rd1 Ke6 82. Re1+ Kd5 83. Re8 c5 84. Rf8 c4
85. Ke3 c3 86. Rd8+ Kc4 87. Rf8 c2 88. Kd2 Kd4 89. Rf7 Ke5 90. Rc7 Kf4 91. Ke2
h2 0-1

[Event "España ch Universitario 2007"]
[Site "Cartagena ESP"]
[Date "2007.05.09"]
[Round "8.14"]
[White "Tamayo Romay, Francisco Javier"]
[Black "Alonso Alvarez, Aitor"]
[Result "1-0"]
[WhiteElo "2210"]
[BlackElo "2165"]
[PlyCount "71"]
[EventDate "2007.05.06"]
[EventType "swiss"]
[EventRounds "9"]
[EventCountry "ESP"]
[Source "lmi"]
[SourceDate "2007.05.06"]

1. e4 c5 2. d4 cxd4 3. c3 dxc3 4. Nxc3 Nc6 5. Nf3 e6 6. Bc4 Bb4 7. O-O Nge7 8.
Nb5 a6 9. Nd6+ Bxd6 10. Qxd6 O-O 11. Bg5 f6 12. Be3 Qa5 13. Bc5 Qd8 14. Rfd1
Ng6 15. Qd2 Re8 16. Rac1 Na5 17. Bf1 Nc6 18. Rc3 d5 19. exd5 exd5 20. Qxd5+
Qxd5 21. Rxd5 Be6 22. Rd1 Rad8 23. Rdc1 Nge5 24. Nxe5 Nxe5 25. a4 Rc8 26. f4
Nd7 27. Bf2 Nf8 28. Rc7 Rxc7 29. Rxc7 Bd5 30. f5 Rd8 31. Bb6 Rd6 32. a5 Be4 33.
Bc4+ Bd5 34. Bc5 Rd8 35. Bxd5+ Rxd5 36. Rc8 1-0

[Event "España ch Universitario 2007"]
[Site "Cartagena ESP"]
[Date "2007.05.09"]
[Round "8.15"]
[White "Peñalosa Pinillas, Jesus"]
[Black "Alcazar Jimenez, Victor"]
[Result "1-0"]
[WhiteElo "2201"]
[BlackElo "2423"]
[PlyCount "65"]
[EventDate "2007.05.06"]
[EventType "swiss"]
[EventRounds "9"]
[EventCountry "ESP"]
[Source "lmi"]
[SourceDate "2007.05.06"]

1. e4 c5 2. Nf3 e6 3. d4 cxd4 4. Nxd4 Nf6 5. Nc3 d6 6. Be2 a6 7. a4 Qc7 8. O-O
b6 9. f4 Nbd7 10. Nb3 Bb7 11. Bf3 Be7 12. Qe2 Rc8 13. Be3 h5 14. h3 h4 15. Rad1
Qc4 16. Qf2 Qc7 17. Qe2 Qb8 18. Rfe1 Qa8 19. Bf2 g6 20. Kh2 Nh5 21. Bxh5 Rxh5
22. Nd4 Qb8 23. Kg1 e5 24. Nf5 Rh8 25. Nxe7 Kxe7 26. Qg4 f6 27. Bxh4 Rcg8 28.
Nd5+ Bxd5 29. exd5 Qc8 30. Qe6+ Kd8 31. Bxf6+ Nxf6 32. Qxf6+ Kc7 33. fxe5 1-0

[Event "España ch Universitario 2007"]
[Site "Cartagena ESP"]
[Date "2007.05.09"]
[Round "8.16"]
[White "Eyo Castro-Rial, Alberto"]
[Black "Antoli Royo, Joaquin Miguel"]
[Result "1-0"]
[WhiteElo "2176"]
[BlackElo "2356"]
[PlyCount "105"]
[EventDate "2007.05.06"]
[EventType "swiss"]
[EventRounds "9"]
[EventCountry "ESP"]
[Source "lmi"]
[SourceDate "2007.05.06"]

1. e4 c5 2. Nc3 a6 3. a4 e6 4. g3 Nc6 5. Bg2 Nf6 6. f4 d5 7. e5 Nd7 8. Nf3 Rb8
9. d4 Qb6 10. Ne2 cxd4 11. Nexd4 Nc5 12. c3 Be7 13. Qe2 Bd7 14. Be3 Nxd4 15.
Nxd4 Nxa4 16. Ra2 Bc5 17. O-O O-O 18. Rfa1 Bxd4 19. Bxd4 Qb3 20. Qf2 b5 21. Bf3
Qc4 22. Bd1 Qc7 23. Qe3 Rfc8 24. Bc2 g6 25. g4 Nc5 26. f5 exf5 27. gxf5 Ne4 28.
Bxe4 dxe4 29. f6 Kh8 30. Rxa6 Be6 31. Qh6 Rg8 32. Re1 g5 33. Rxe4 Qb7 34. Rxe6
Qxe4 35. Re7 Qg4+ 36. Kf2 Rg6 37. Qxg6 hxg6 38. Rxf7 Rd8 39. Re7 Qf4+ 40. Ke2
Qxh2+ 41. Ke3 Qf4+ 42. Ke2 Rf8 43. f7 Rxf7 44. Rxf7 Qe4+ 45. Kd2 Kg8 46. Rf6 g4
47. e6 g5 48. Rh6 Kf8 49. Bf6 Qd5+ 50. Kc1 Qxe6 51. Bg7+ Kf7 52. Rxe6 Kxe6 53.
Kd2 1-0

[Event "España ch Universitario 2007"]
[Site "Cartagena ESP"]
[Date "2007.05.09"]
[Round "8.17"]
[White "Garrido Dominguez, Jesus"]
[Black "Perez Felipe, Marcos Adrian"]
[Result "1/2-1/2"]
[WhiteElo "2347"]
[BlackElo "2177"]
[PlyCount "42"]
[EventDate "2007.05.06"]
[EventType "swiss"]
[EventRounds "9"]
[EventCountry "ESP"]
[Source "lmi"]
[SourceDate "2007.05.06"]

1. e4 c5 2. Nf3 d6 3. d4 cxd4 4. Nxd4 Nf6 5. Nc3 a6 6. Bg5 e6 7. f4 Be7 8. Qf3
Qc7 9. O-O-O Nbd7 10. g4 b5 11. Bxf6 Nxf6 12. g5 Nd7 13. Nf5 b4 14. Nxg7+ Kf8
15. Nd5 exd5 16. Nf5 Nc5 17. Rxd5 Be6 18. Bc4 Na4 19. Bb3 Nc5 20. Bc4 Na4 21.
Bb3 Nc5 1/2-1/2

[Event "España ch Universitario 2007"]
[Site "Cartagena ESP"]
[Date "2007.05.09"]
[Round "8.18"]
[White "Aparicio Garcia, Enrique"]
[Black "Rabadan Velasco, Raul"]
[Result "0-1"]
[WhiteElo "2158"]
[BlackElo "2281"]
[PlyCount "108"]
[EventDate "2007.05.06"]
[EventType "swiss"]
[EventRounds "9"]
[EventCountry "ESP"]
[Source "lmi"]
[SourceDate "2007.05.06"]

1. e4 c5 2. Nf3 d6 3. c3 Nf6 4. Bd3 g5 5. h3 g4 6. hxg4 Bxg4 7. Bc4 e6 8. e5
dxe5 9. Qa4+ Nbd7 10. Nxe5 Bf5 11. Bd3 Bxd3 12. Nxd3 Rg8 13. Kf1 Rg4 14. Qd1
Qc7 15. Ne1 Ne5 16. d3 O-O-O 17. Qe2 Bd6 18. Na3 Qc6 19. Nac2 Rdg8 20. f3 R4g6
21. d4 Ned7 22. Be3 c4 23. Rd1 Nb6 24. b3 Nfd5 25. Qd2 cxb3 26. axb3 Nxc3 27.
Rc1 Qb5+ 28. Qd3 Qxd3+ 29. Nxd3 Ncd5 30. Rxh7 Kd8 31. Nde1 Ke7 32. Bd2 Nf4 33.
Bxf4 Bxf4 34. Ra1 a6 35. Nb4 Bd2 36. Nbd3 Nd5 37. Ra2 Bc3 38. Ne5 R6g7 39. Rxg7
Rxg7 40. Nc2 Rh7 41. Nd3 Rh1+ 42. Kf2 Kd6 43. Ra4 Rd1 44. Nde1 Nb6 45. Ra2
Bxe1+ 46. Nxe1 Rxd4 47. Ke3 Rd1 48. Ke2 Rb1 49. Rd2+ Nd5 50. Rd3 Kc5 51. g3
Rb2+ 52. Kd1 b5 53. Kc1 Re2 54. Nc2 Rxc2+ 0-1

[Event "España ch Universitario 2007"]
[Site "Cartagena ESP"]
[Date "2007.05.09"]
[Round "8.19"]
[White "Rada Equiza, Miguel"]
[Black "Garcia Brion, Eduardo"]
[Result "0-1"]
[WhiteElo "2261"]
[BlackElo "2157"]
[PlyCount "48"]
[EventDate "2007.05.06"]
[EventType "swiss"]
[EventRounds "9"]
[EventCountry "ESP"]
[Source "lmi"]
[SourceDate "2007.05.06"]

1. e4 e5 2. Nf3 Nc6 3. Bb5 f5 4. Bxc6 dxc6 5. Nc3 Nf6 6. Qe2 Bd6 7. O-O fxe4 8.
Nxe4 O-O 9. d3 Qe8 10. Nxf6+ Rxf6 11. Ng5 Qg6 12. Ne4 Rf5 13. Ng3 Rf7 14. Qe4
Qf6 15. Be3 Bd7 16. a3 a5 17. Rae1 Re8 18. c3 Qe6 19. Rb1 Qb3 20. d4 exd4 21.
Qxd4 c5 22. Qh4 Bc6 23. Rfd1 Qc2 24. Qh5 Rxe3 0-1

[Event "España ch Universitario 2007"]
[Site "Cartagena ESP"]
[Date "2007.05.09"]
[Round "8.22"]
[White "Ruiz Maraña, Alejandro"]
[Black "Paredes Cordo, Jacobo Borja"]
[Result "1/2-1/2"]
[WhiteElo "2134"]
[BlackElo "2211"]
[PlyCount "40"]
[EventDate "2007.05.06"]
[EventType "swiss"]
[EventRounds "9"]
[EventCountry "ESP"]
[Source "lmi"]
[SourceDate "2007.05.06"]

1. e4 c5 2. Nc3 e6 3. g3 d5 4. exd5 exd5 5. d3 Nf6 6. Bg2 Be7 7. Nge2 d4 8. Ne4
Nxe4 9. dxe4 O-O 10. O-O Nc6 11. Nf4 Bd6 12. Qh5 Bd7 13. Nd5 Ne7 14. c3 Nxd5
15. exd5 Qb6 16. cxd4 cxd4 17. b3 Rac8 18. Qh4 Be5 19. Bf4 Bf6 20. Bg5 Bxg5
1/2-1/2

[Event "España ch Universitario 2007"]
[Site "Cartagena ESP"]
[Date "2007.05.09"]
[Round "8.27"]
[White "Cortes Lizano, Jesus"]
[Black "Perez Mauricio, Xoel"]
[Result "1-0"]
[WhiteElo "2247"]
[BlackElo "2120"]
[PlyCount "45"]
[EventDate "2007.05.06"]
[EventType "swiss"]
[EventRounds "9"]
[EventCountry "ESP"]
[Source "lmi"]
[SourceDate "2007.05.06"]

1. c4 e5 2. Nc3 Nf6 3. Nf3 Nc6 4. a3 a5 5. g3 Bc5 6. Bg2 O-O 7. d3 h6 8. O-O d6
9. Rb1 Be6 10. Na4 Qd7 11. Nxc5 dxc5 12. Re1 a4 13. b4 axb3 14. Qxb3 Ra7 15.
Bb2 Qd6 16. Qc3 Nd7 17. e3 Qe7 18. d4 cxd4 19. exd4 exd4 20. Nxd4 Qg5 21. h4
Qg4 22. Nxe6 fxe6 23. Bh3 1-0

[Event "España ch Universitario 2007"]
[Site "Cartagena ESP"]
[Date "2007.05.09"]
[Round "8.28"]
[White "Pavon Cardenas, Jesus M"]
[Black "Gavilan Diaz, Mario"]
[Result "0-1"]
[WhiteElo "2122"]
[BlackElo "2244"]
[PlyCount "46"]
[EventDate "2007.05.06"]
[EventType "swiss"]
[EventRounds "9"]
[EventCountry "ESP"]
[Source "lmi"]
[SourceDate "2007.05.06"]

1. e4 e6 2. d4 d5 3. exd5 exd5 4. c4 Nf6 5. Nc3 c6 6. Bd3 Be7 7. Nge2 O-O 8.
O-O Bg4 9. Qb3 dxc4 10. Bxc4 Nbd7 11. Qxb7 Rb8 12. Qxa7 Ra8 13. Qb7 Rb8 14.
Qxc6 Rb6 15. Qa4 Rb4 16. Qa6 Nb8 17. Bxf7+ Rxf7 18. Qd3 Nc6 19. a3 Nxd4 20. Kh1
Bf5 21. Qe3 Nc2 22. Qf3 Bg4 23. Qc6 Rb6 0-1

[Event "España ch Universitario 2007"]
[Site "Cartagena ESP"]
[Date "2007.05.09"]
[Round "8.29"]
[White "Rodriguez Fontecha, Marcos"]
[Black "Gonzalez Diez, Ruben"]
[Result "0-1"]
[WhiteElo "2241"]
[BlackElo "2115"]
[PlyCount "66"]
[EventDate "2007.05.06"]
[EventType "swiss"]
[EventRounds "9"]
[EventCountry "ESP"]
[Source "lmi"]
[SourceDate "2007.05.06"]

1. e4 e6 2. d4 d5 3. Nc3 Bb4 4. Nge2 b6 5. a3 Be7 6. Bf4 Nf6 7. Ng3 O-O 8. Bd3
c5 9. e5 Ne8 10. Qh5 f5 11. h4 Nc6 12. dxc5 bxc5 13. Rd1 Rb8 14. O-O Rxb2 15.
Rfe1 d4 16. Na4 Rb8 17. Bg5 Qa5 18. Rb1 Rxb1 19. Rxb1 Bxg5 20. Bb5 Be7 21. Bxc6
g6 22. Qh6 Qc7 23. Bxe8 Rxe8 24. Qf4 Bd7 25. Nb2 Rb8 26. Nf1 Bf6 27. Nd2 Bxe5
28. Qf3 c4 29. Nd1 Rxb1 30. Nxb1 Bc6 31. Qe2 Be4 32. f3 d3 33. cxd3 Bxd3 0-1

[Event "España ch Universitario 2007"]
[Site "Cartagena ESP"]
[Date "2007.05.09"]
[Round "8.30"]
[White "Pastor Jimenez, Daniel"]
[Black "Dougan Maho, Harold"]
[Result "0-1"]
[WhiteElo "2009"]
[BlackElo "2232"]
[PlyCount "38"]
[EventDate "2007.05.06"]
[EventType "swiss"]
[EventRounds "9"]
[EventCountry "ESP"]
[Source "lmi"]
[SourceDate "2007.05.06"]

1. e4 e5 2. Nf3 Nc6 3. Nc3 g6 4. d4 exd4 5. Nxd4 Bg7 6. Be3 Nf6 7. Bc4 Ne5 8.
Be2 d6 9. h3 O-O 10. f4 Ned7 11. Bf3 Re8 12. Nb3 Nb6 13. Bxb6 axb6 14. O-O Nd7
15. Qd3 Qh4 16. Qc4 Nc5 17. Nd4 c6 18. Rae1 b5 19. Qb4 Na6 0-1